Sports Quiz

Random Sports or Hockey Quiz

NHL Captains 2016-17 (Multiple Choice) Quiz Stats

Quiz not verified by Sporcle

Challenge
Share
Tweet
Embed
Score 0/28 Timer 05:00
0 Plays Today
Question Answer Wrong Answers
Anaheim Ducks Ryan Getzlaf
97.1%
Scott Niedermayer
0.6%
Jerome Iginla
1.7%
Your Mother
0.7%
Pittsburgh Penguins Sidney Crosby
93.8%
Chirs Kunitz
0.7%
Mario Lemieux
0.4%
Ben Raplesburger
0.4%
Detroit Red Wings Henrik Zetterberg
92.8%
Steve Yzerman
1.1%
The Police ( Hey it is Detroit)
0.9%
Chris Chelios
1.5%
Philadelphia Flyers Claude Giroux
92.3%
Eric Lindros
0.9%
Simon Gagne
0.9%
Michael Vick
1.3%
Edmonton Oilers Connor McDavid
91.9%
Ryan Nugent Hopkins
2.9%
One of them other losers we wasted all our first overalls and traded away
1.3%
Wayne Gretzky
0.6%
Tampa Bay Lightning Steve Stamkos
91.7%
Martin St Louis
1.7%
Vincent Lecavalier
1.7%
Jax Teller
0.2%
New York Islanders John Tavares
91.6%
Ryan Strome
1.7%
Dylan Strome
1.5%
Jay Z
1.1%
Washington Capitals Alexander Ovechkin
91.4%
Donald Trump
2%
Peter Bondra
0.7%
Alexander Semin
0.7%
Chicago Blackhawks Jonathan Toews
90.6%
Patrick Kane
4.8%
Duncan Keith
0.7%
The dead guy in Gary Indiana
1.5%
Ottawa Senators Erik Karlsson
90.6%
Chris Philipps
0.4%
Daniel Alfredsson
3.1%
Any Player whos wife Heatly did not sleep with when there
1.7%
Dallas Stars Jamie Benn
88.6%
Jordie Benn
4.4%
Ryan Sutter
2.4%
The drunk cowboy at the bar
1.3%
Montreal Canadiens Max Pacioretty
87.7%
PK Subban
2.9%
Shea Webber
5%
Napoleon
0.7%
Calgary Flames Mark Giordano
87.7%
Sean Monohan
6.2%
Theo Fleury
2.9%
The Edmonton Oilers stick boy
1.1%
Columbus Blue Jackets Nick Foligno
87%
Seth Jones
4.6%
Pavel Bure
1.8%
It's the Blue Jackets who cares they dont need a captain
3.5%
Arizona Coyotes Shane Doan
86.4%
Bill Clinton
1.7%
Daymond Langkow
3.3%
Max Domi
8.4%
Boston Bruins Zdeno Chara
86.2%
Patrice Bergeron
10.3%
Whitey Bulger
1.1%
Tyler Seguin
2%
Minnesota Wild Mikko Koivu
85.3%
Dany Heatley
3.1%
Kirby Puckett
1.8%
Mat Dumba
6.1%
St Louis Blues Alex Pietrangelo
82.9%
Brett Hull
2.8%
Michael Brown
1.8%
Jay Bouwmeester
7.9%
New York Rangers Ryan McDonagh
82.9%
Rick Nash
8.6%
Brian Leetch
0.2%
Hendrik Lundqvist
4%
Nashville Predators Mike Fisher
80.2%
Carrie Underwood
1.1%
David Legwand
4.4%
PK Subban
10.3%
Colorado Avalanche Gabriel Landeskog
79.4%
Joe Sakic
3.9%
Nathan Mackinnon
13.4%
Adolph Hitler
0.6%
Winnipeg Jets Blake Wheeler
78.3%
Dustin Byfuglien
11%
Phoenix is thiefs
1.3%
Brian Little
4.2%
Los Angeles Kings Anze Kopitar
78.3%
Dustin Brown
12.1%
Mel Gibson
1.7%
Jeff Carter
4.2%
Vancouver Canucks Henrik Sedin
73.4%
Daniel Sedin
16.5%
Haniel Deinn
3.5%
Daniel 'ginger' Sehenriksondeen
1.5%
Buffalo Sabres Brian Gionta
71%
Sam Reinhart
8.1%
Jack Eichel
14.9%
The lint in your butt crack
5%
Florida Panthers Derek Mackenzie
69.9%
Aaron Ekblad
22.8%
I will just give it to you believe it or not Mackenzie is the captain
1.8%
No really Mackenzie is the captain just take the give me
1.8%
San Jose Sharks Joe Pavelski
69.4%
Joe Thornton
21.7%
Patrick Marleau
3.9%
Adam Coliagacomo
0.4%
New Jersey Devils Andy Greene
63.7%
Tony Saprano
2.4%
Ken Danyeko
4.2%
Travis Zajac
25.5%

You're not logged in!

Compare scores with friends on all Sporcle quizzes.
Join for Free
OR
Log In

You Might Also Like...

Show Comments

Extras

Top Quizzes Today


Score Distribution

Your Account Isn't Verified!

In order to create a playlist on Sporcle, you need to verify the email address you used during registration. Go to your Sporcle Settings to finish the process.

Report this User

Report this user for behavior that violates our Community Guidelines.

Details: